00909nam a2200205 a 4500001001000000003000500010005001700015008004100032010001100073011001100084040000900095100004200104245019400146260004100340500006000381502009800441650004700539650004700586856007000633000115051CHAP20220329144512.0180911s2018 mx a sm |||||||spa d a111512 a112484 cCHAP1 aVelázquez de la Cruz, Jovan Aricel.10aClimas de Chiapas y Tabasco según Papadakis (1980) considerando lluvia probabilística y escenarios de cambio climático global /h[En línea]cpor Jovan Aricel Velázquez de la Cruz. aChapingo, Méx. :bEl autor,c2018. aPara ver el contenido del material haga clic en la liga aTesis (Ing. Agr. Esp. en Zonas Tropicales) -- UACH. Unidad Regional Universitaria Sur-Sureste14aPrecipitación (Meteorología)xTabasco.14aPrecipitación (Meteorología)zChiapas. aFinding aiduhttp://10.13.5.2/tesis/sist115051.pdfzTeclea aquí